zpět

Detail výsledku týmu

Na Pražci, Blansko

Datum a čas kvízu

30.5 Celkem bodů Celkový počet nahraných bodů na tomto kvízu bez doplňovacích otázek.
7. Pořadí na kvízu Konečné umístění týmu na tomto kvízu.

Zaznamenané odpovědi

# Otázka Odpověď Body Výsledky
1. Vedení ČSSD zařadilo na čtvrté... Petr Benda 0
2. Záchranáři na nejvyšším anglic... psa (bernardýna) 0
3. Tom Hanks a jeho manželka Rita... Řecko 0
4. Tradiční český výrobce nákladn... Avia 0
5. V italském mimořádně obtížném... Zdeněk Štybar 0
6. V tomto tématu se blíže podívá... C 0
7. Tato mapa vyznačuje jistý kult... Laponsko 1
8. Jak se nazývá ostrov ležící 30... Utøya 1
9. Tento Švéd se v poslední době... Epidemiolog. 1
10. Jak se nazývá fotbalový tým, j... Borussia Dortmund 1